Los hombres color del silencio

Guardat en:
Dades bibliogràfiques
Autor principal: Molina, Alberto
Format: Llibre
Idioma:Undetermined
Publicat: Cuba Arte y Literatura 1975
Matèries:
Etiquetes: Afegir etiqueta
Sense etiquetes, Sigues el primer a etiquetar aquest registre!

MARC

LEADER 00000nam a2200000Ia 4500
008 170316s9999 xx 000 0 und d
040 |a cru BVZT 
090 |a 860 M-28h 
100 |a Molina, Alberto 
245 |a Los hombres color del silencio 
260 |a Cuba 
260 |b Arte y Literatura 
260 |c 1975 
300 |a 327 páginas 
650 |a LITERATURA LATINOAMERICANA 
999 |c 8943  |d 8943 
942 |c 15 D  |h 860 M-28h  |2 z